Представление документа в формате RUSMARC

Поле Инд. ПП Название Значение
Тип записи a
Библиографический уровень a
001 _ Контрольный номер RU/REP/BASE/00061141
005 _ Дата корректировки 20191011103200.3
200 a Заглавие Система государственных органов экологической экспертизы в развитии
f Первые сведения об ответственности Максимова Е.А.
210 a Место издания Краснодар; СПб.
c Издательство Изд-во Р. Асланова Юр. центр Пресс
d Дата издания 2008
463 1 001RU/REP/BASE/00060570
1 2001
a Актуальные проблемы развития судебной системы и системы добровольного и принудительного исполнения решений Конституционного Суда РФ, судов общей юрисдикции, арбитражных, третейских судов и Европейского суда по правам человека
v С. 883-889
1 210
d 2008
610 a Ключевые слова ОРГАНЫ ГОСУДАРСТВЕННОЙ ВЛАСТИ, ОХРАНА ОКРУЖАЮЩЕЙ СРЕДЫ, ЭКСПЕРТИЗА ЭКОЛОГИЧЕСКАЯ, ГРАДОСТРОИТЕЛЬСТВО
686 v Номер издания LBC/SL-A
2 Код системы rubbk
a Систематический индекс 67.99(2)90
700 _1 a Фамилия Максимова
b Имя Е.А.
852 i Авторский знак А43
j Полочный индекс 67.99(2)90
901 w Контрольный № источника RU/REP/BASE/00060570
t Тип документа a